000 00221nam a2200097Ia 4500
001 681533
005 20250826161402.0
008 250824s9999 xx 000 0 und d
245 0 _aSEFİLLER
_cVICTOR HUGO
260 _bPARILTI
999 _c681533
_d681533